=LDR 00000nam 2200000 4500 =001 INLIS000000000045645 =005 20150206092320.0 =006 =007 =008 =020 ##$$a 978-602-221-133-4 =035 ##$$0010-021500000000205 =040 ##$$a NBPDMAT =082 ##$$a 621.45 =090 ##$$a 621.45 $b Jim t =100 ##$$a Jim Pipe =245 ##$$a Tenaga Angin Dapatkah Diandalkan ? / $c Jim Pipe : Alih Bahasa, Retna Pahon,Editor, Titiek Tri i =260 ##$$a Jakarta $b Gading Yuti Prima $c 2013 =300 ##$$a iv, 53 hlm $b Ilus $c 24 cm =500 ##$$a Bibliografi : hal. 53 =650 ##$$a Tenaga Angin =700 ##$$a Retna Pahon =700 ##$$a Titiek Tri i